IPD UK monthly index (Record no. 105879)

MARC details
000 -LEADER
fixed length control field 00956cam a2200229 4500
001 - CONTROL NUMBER
control field ##L134992
008 - FIXED-LENGTH DATA ELEMENTS--GENERAL INFORMATION
fixed length control field 060918n2006 000 0 eng u
035 ## - SYSTEM CONTROL NUMBER
System control number (Sirsi) u134992
041 0# - LANGUAGE CODE
Language code of text/sound track or separate title eng
050 04 - LIBRARY OF CONGRESS CALL NUMBER
Classification number 333.33016 $2 18
110 2# - MAIN ENTRY--CORPORATE NAME
Corporate name or jurisdiction name as entry element Investment Property Databank
9 (RLIN) 2288
245 00 - TITLE STATEMENT
Title IPD UK monthly index
Remainder of title August 2006
260 ## - PUBLICATION, DISTRIBUTION, ETC.
Place of publication, distribution, etc. London
Name of publisher, distributor, etc. IPD
Date of publication, distribution, etc. 2006
490 #0 - SERIES STATEMENT
Series statement IPD UK Monthly Index
Volume/sequential designation August 2006
520 ## - SUMMARY, ETC.
Summary, etc. Reports on commercial property performance, providing figures for total return, capital growth and income return for all-property, retail, office and industrial sectors. Office returns, at 1.29%, remain just ahead of industrial, at 1.28%.
590 ## - LOCAL NOTE (RLIN)
Local note IKA190906
650 24 - SUBJECT ADDED ENTRY--TOPICAL TERM
Topical term or geographic name entry element IPD UK MONTHLY INDEX
651 #4 - SUBJECT ADDED ENTRY--GEOGRAPHIC NAME
Geographic name United Kingdom
Chronological subdivision
690 ## - LOCAL SUBJECT ADDED ENTRY--TOPICAL TERM (OCLC, RLIN)
Topical term or geographic name as entry element PROPERTY-COMMERCIAL PROPERTY-COMMERCIAL PROPERTY FINANCE AND INVESTMENT
856 40 - ELECTRONIC LOCATION AND ACCESS
Uniform Resource Identifier <a href="https://www.ipdindex.co.uk">https://www.ipdindex.co.uk</a>
Public note View the item free of charge at www.ipdindex.co.uk...
942 ## - ADDED ENTRY ELEMENTS (KOHA)
Suppress in OPAC 0
Holdings
Withdrawn status Lost status Source of classification or shelving scheme Damaged status Not for loan Home library Current library Shelving location Date acquired Total Checkouts Full call number Barcode Date last seen Copy number Price effective from Koha item type
    Dewey Decimal Classification     Virtual Virtual Online 18/09/2006   ONLINE PUBLICATION 134992-1001 06/08/2019 1 06/08/2019 Book